| 000 | 00485nam a22001937a 4500 | ||
|---|---|---|---|
| 003 | MPLRDC | ||
| 005 | 20220104161230.0 | ||
| 008 | 210129b ||||| |||| 00| 0 eng d | ||
| 020 | _a962-866-816-1 | ||
| 082 | _a690.33 JSC | ||
| 100 | _a江韶聪编 | ||
| 245 |
_a广州番禺假期 _c |
||
| 250 | _a第二版 | ||
| 260 |
_a香港 _b嘉出版有限公司 _c2004 |
||
| 300 | _b平 | ||
| 490 | _a自助假期系列. 3 | ||
| 650 | _a中国游记--广东 | ||
| 942 |
_cBK _o690.33 JSC |
||
| 999 |
_c55376 _d55366 |
||